Outlines Of Victorian Literature (Record no. 3677)

MARC details
000 -LEADER
fixed length control field 00388nam a2200133Ia 4500
008 - FIXED-LENGTH DATA ELEMENTS--GENERAL INFORMATION
fixed length control field 211109s9999||||xx |||||||||||||| ||und||
082 ## - DEWEY DECIMAL CLASSIFICATION NUMBER
Classification number 809
Item number WAL-O
100 ## - MAIN ENTRY--PERSONAL NAME
Personal name Walker, Hugh And Mrs Hugh,
245 #0 - TITLE STATEMENT
Title Outlines Of Victorian Literature
260 ## - PUBLICATION, DISTRIBUTION, ETC.
Name of publisher, distributor, etc. Cambridge University
Place of publication, distribution, etc. New York
Date of publication, distribution, etc. 1925
630 ## - SUBJECT ADDED ENTRY--UNIFORM TITLE
General subdivision General Stack
650 ## - SUBJECT ADDED ENTRY--TOPICAL TERM
Topical term or geographic name entry element HISTORY
942 ## - ADDED ENTRY ELEMENTS (KOHA)
Koha item type BOOK
650 ## - SUBJECT ADDED ENTRY--TOPICAL TERM
Form subdivision DESCRIPTIONCRITICISM
General subdivision Literature
Holdings
Withdrawn status Lost status Damaged status Not for loan Home library Current library Date acquired Total Checkouts Full call number Barcode Shelving location Date last seen Price effective from Koha item type
        SB LIBRARY SB LIBRARY 09/11/2021   809 WAL-O 00004022 GENERAL STACK 09/11/2021 09/11/2021 BOOK

Powered by Koha